Instructor's manual interaction access: listening / speaking

Uloženo v:
Podrobná bibliografie
Hlavní autor: John Chapman
Médium: Kniha
Jazyk:Undetermined
Vydáno: New York McGraw-Hill 2002
Témata:
Tagy: Přidat tag
Žádné tagy, Buďte první, kdo otaguje tento záznam!
Thư viện lưu trữ: Trung tâm Học liệu Trường Đại học Cần Thơ
LEADER 00553nam a2200205Ia 4500
001 CTU_57584
008 210402s9999 xx 000 0 und d
020 |b 163000 
082 |a 428.24 
082 |b I.61 
100 |a John Chapman 
245 0 |a Instructor's manual interaction access: listening / speaking 
245 0 |c John Chapman 
260 |a New York 
260 |b McGraw-Hill 
260 |c 2002 
650 |a english language 
650 |x spoken english 
904 |i Minh, 960807 
980 |a Trung tâm Học liệu Trường Đại học Cần Thơ